000 01250naa a22003377a 4500
001 BR6007075
003 BR-BrBNA
005 20240918172922.0
007 ta
008 230509b bl.||||| |||| 00| 0 por d
040 _aBR-BrBNA
_bpor
_cBiblioteca Nacional de Agricultura
041 _a(Pt)
072 _aH60
_b0150
_b3876
090 _aH60 BR6007075
100 1 _aLeiderman, L.
100 1 _aAraujo, J.M. de
100 1 _aArrudo, H.V. de
100 1 _aSantos, C.A.L.
100 1 _aSouza, D.M. de
111 1 _a5. Seminario Brasileiro de Herbicidas e Ervas Daninhas
_cCruz das Almas, BA (Brazil)
_d27 Jul 1964
245 1 _aControle de ervas daninhas pelo STAM F-34 em arrozal sem irrigacao em diferentes espacamentos de plantio
260 3 _aCruz das Almas, BA (Brasil):
_c1964.
500 _aAnais do 5. Seminario Brasileiro de Herbicidas e Ervas Daninhas Cruz das Almas, BA (Brasil): 1964. p. 81-86 (BR6007075-AM)H60
650 _aERVA DANINHA
650 _aARROZ
650 _aHERBICIDA
650 _aCONTROLE QUIMICO
773 0 _tAnais do 5. Seminario Brasileiro de Herbicidas e Ervas Daninhas
_wH60 BR6007075
_gCruz das Almas, BA (Brasil), 1964. p. 81-86
909 _a202404
_bLucia
_c55
_dLucia Elande
942 _cAM
_2AGRIS
999 _c302072
_d302072